000 01168cam a22003497a 4500
003 CHAP
005 20220329143003.0
008 050531d2004 mx r 00110 spa d
010 _a90386
011 _a91358
020 _a9707223529
035 _a101916
040 _cCHAP
082 0 4 _a338.972
_bZ3
100 0 0 _aZapata Martelo, Emma
_9123641
245 1 0 _aMicrofinanciamiento y pobreza
_c/por Emma Zapata martelo [ y otros ]
260 _aMéxico, D. F. :
_bPlaza y Valdes,
_c2004
300 _a205 p. :
_bgráfs.; cuadros, mapas, + anexo
590 _aBATCH-UPD
_b10
_c20130110
_lUCH01
_h1437
590 _aBATCH-UPD
_b10
_c20130409
_lUCH01
_h2321
590 _aBATCH-UPD
_b10
_c20130410
_lUCH01
_h1419
590 _aBATCH-UPD
_b10
_c20130914
_lUCH01
_h0813
590 _aCONVERSION
_b10
_c20130109
_lUCH01
_h1350
650 1 4 _aCajas de ahorro y préstamo.
_917251
650 1 4 _aEmpresas pequeñas.
_936658
650 1 4 _aPobreza.
_989463
901 _aBK
905 _aElisama A. H.
942 _cLIBRO
949 _a338.972 Z3
_bBC
_cLIBRO
_d33724000948394
_eLIBRO
_h105987
_i101916
_si
949 _a338.972 Z3
_bBC
_cUACH
_d33724000948451
_eUACH
_fc.2
_h105988
_i101916
_sb
999 _c90386
_d90386